000 00278nam a22001217a 4500
008 170616b xxu||||| |||| 00| 0 eng d
041 _aeng
080 _a94
100 _a18
101 _aSHH
245 _aNATIONALISM ITS MEANING AND HISTORY
_cSNYDER.L.L
942 _2udc
_cBK
999 _c17760
_d17760